00245nam a22001097a 4500003000400000082001700004100003100021245001900052260003700071300000800108650001900116SGT a615.53bC16T aTRIKAMAJI, VAIDYA JADAVAJI aCHARAK SAMHITA aNEW DELHIbCHAUKHAMBHA PUBc2016 a738 aCHARAK SAMHITA